Legal records in the Commonwealth / (Record no. 99162)
[ view plain ]
| 000 -LEADER | |
|---|---|
| fixed length control field | 00852cam a22002778a 4500 |
| 008 - FIXED-LENGTH DATA ELEMENTS--GENERAL INFORMATION | |
| fixed length control field | |
| 020 ## - INTERNATIONAL STANDARD BOOK NUMBER | |
| International Standard Book Number | 1855214482 (hbk.) |
| 049 ## - LOCAL HOLDINGS (OCLC) | |
| Holding library | MAIN |
| 090 ## - LOCALLY ASSIGNED LC-TYPE CALL NUMBER (OCLC); LOCAL CALL NUMBER (RLIN) | |
| Classification number (OCLC) (R) ; Classification number, CALL (RLIN) (NR) | CD971 |
| Local cutter number (OCLC) ; Book number/undivided call number, CALL (RLIN) | LEG |
| 003 - CONTROL NUMBER IDENTIFIER | |
| control field | |
| 005 - DATE AND TIME OF LATEST TRANSACTION | |
| control field | 20230120153124.0 |
| 040 ## - CATALOGING SOURCE | |
| Transcribing agency | NUST |
| 245 00 - TITLE STATEMENT | |
| Title | Legal records in the Commonwealth / |
| Statement of responsibility, etc. | edited by William Twining and Emma Varnden Quick. |
| 260 ## - PUBLICATION, DISTRIBUTION, ETC. | |
| Place of publication, distribution, etc. | Aldershot : |
| Name of publisher, distributor, etc. | Dartmouth, |
| Date of publication, distribution, etc. | c1994. |
| 300 ## - PHYSICAL DESCRIPTION | |
| Extent | xi, 332 p. ; |
| Dimensions | 23 cm. |
| 504 ## - BIBLIOGRAPHY, ETC. NOTE | |
| Bibliography, etc. note | Includes bibliographical references. |
| 500 ## - GENERAL NOTE | |
| General note | Inludes index. |
| 650 #0 - SUBJECT ADDED ENTRY--TOPICAL TERM | |
| Topical term or geographic name entry element | Archives administration. |
| 650 #0 - SUBJECT ADDED ENTRY--TOPICAL TERM | |
| Topical term or geographic name entry element | Court records Commonwealth countries. |
| 653 0# - INDEX TERM--UNCONTROLLED | |
| Uncontrolled term | Archives management. |
| 653 0# - INDEX TERM--UNCONTROLLED | |
| Uncontrolled term | Commonwealth countries. |
| 700 1# - ADDED ENTRY--PERSONAL NAME | |
| Personal name | Twining, William. |
| 700 1# - ADDED ENTRY--PERSONAL NAME | |
| Personal name | Quick, Emma Varnden. |
| 907 ## - LOCAL DATA ELEMENT G, LDG (RLIN) | |
| a | .b10298939 |
| b | 20-10-11 |
| c | 16-06-11 |
| 942 ## - ADDED ENTRY ELEMENTS (KOHA) | |
| Koha item type | Ordinary Loan Books |
| Call number prefix | CD971 |
| Call number suffix | LEG |
| Date last seen | Total Checkouts | Full call number | Barcode | Cost, replacement price | Price effective from | Koha item type | Lost status | Source of classification or shelving scheme | Damaged status | Not for loan | Collection | Withdrawn status | Home library | Current library | Shelving location | Date acquired | Cost, normal purchase price |
|---|---|---|---|---|---|---|---|---|---|---|---|---|---|---|---|---|---|
| 01/20/2023 | 5 | CD971 LEG | 92004023424 | 80.00 | 01/20/2023 | 3HOUR | LCC | NFIC | MAIN | MAIN | GEN | 01/20/2023 | 80.00 |